hacia el cumplimiento de la política nacional para la niñez y adolescencia 2009-2021

Salvato in:
Dettagli Bibliografici
Natura: testo
Tags: Aggiungi Tag
Nessun Tag, puoi essere il primo ad aggiungerne!!

MARC

LEADER 00000 a a2200000 04500
001 45007
003
040
245 |b hacia el cumplimiento de la política nacional para la niñez y adolescencia 2009-2021 
773 |a volumen7, (2011), 378 páginas : tablas  
999 |c 22421  |d 22421